Das Kölsche Grundgesetz - Statistiken

Allgemein
  • Dieses Quiz wurde 120 mal gespielt
  • Das Durchschnittsergebnis liegt bei 6 aus 11
Antwortstatistiken
§ Gesetz: % Korrekt
§1 Et es wie {et es}
94%
§2 Et kütt wie {et kütt}
92%
§4 Wat fott es {es fott}
67%
§7 Wat wellste {maache}
66%
§3 Et hätt noch immer {jot jejange}
65%
§5 Nix bliev wie {et wor}
63%
§10 {Drinkste} ene met?
46%
§6 Kenne mer nit, bruche mer nit, {fott domet}
32%
§9 Wat soll dä {Quatsch}?
22%
§11 Do laachste {dech kapott}
21%
§8 Mach et jot, ävver nit {ze off}
18%
Keine übereinstimmenden Quizze gefunden
Verteilung der Resultate
Anzahl Personen mit jedem Resultat
Perzentil nach korrekt beantworteten Fragen
Ihre Resultats-Entwicklung
Sie haben dieses Quiz noch nicht gespielt